| 000 | 00744cam a2200241 a 4500 | ||
|---|---|---|---|
| 999 |
_c11930 _d11930 |
||
| 003 | OSt | ||
| 005 | 20240110134030.0 | ||
| 008 | 030725s2004 at ac r 001 0 eng d | ||
| 020 | _a1876907916 | ||
| 035 | _a3085552 | ||
| 040 |
_aANL _beng _dNSL _cDLC |
||
| 082 | 0 | 0 |
_a720.922 _222 _bROB |
| 245 | 0 | 0 |
_a1000 architects K-Z / _c[editor, Robyn Beaver]. |
| 246 | 3 | _aOne thousand architects | |
| 260 |
_aMulgrave, Vic., Australia : _bImages Pub. Group, _c2004. |
||
| 300 |
_a2 v. (579 p.) : _bill. (some col.), ports. (some col.) ; _c24 cm. |
||
| 500 | _aIncludes indexes. | ||
| 505 | 0 | _av. 1 (A-J) -- v. 2 (K-Z). | |
| 650 | 0 |
_aArchitectural firms _vDirectories. |
|
| 650 | 0 |
_aArchitects _vDirectories. |
|
| 700 | 1 | _aBeaver, Robyn. | |
| 942 | _2ddc | ||